00642nam a22001937a 450000500170000001000150001702000260003203500140005803700130007208200110008510000160009624501340011226000420024627000560028830000240034450000420036870000190041070000190042920200211170809.0 aENG-127692 c695.00a9789382657446 aEN-111224 bDBAD/PUB a331.48 aDave,Monika aWomen Workers vulnerability:bA case study of Udaipur district in Rajasthan/cby Monika Dave, Rashmi Jaiswal [and] Roopam Chordia aNew Delhic2018bVaibhav Publications bNew Delhia24/4806,Mathur Lane, Darya Ganj,e110002 axiv;206p.b22cm(hb) aincludes bibliographical references  aJaiswal Rashmi aChordia Roopam